LEADER 01571nam a2200337 a 4500 001 000000126662 003 CaOOAMICUS 005 20111025105354.0 008 111025s2011 it u000 u ita r 020 $a978-88-89341-30-8 040 $aPUL$bita 082 04$a945.08 245 00$aPio IX e la Questione Romana :$bAtti del Convegno sul cardinal Vincenzo Santucci (1796-1861) /$cA cura di Omar Ebrahime ; Prefazione di Mons. Luigi Negri. 260 $aCrotone :$bD'Ettoris,$c©2011. 300 $a143 p. ;$c17 cm 490 1 $aSentieri ;$v3 500 $aConvegno del 12 agosto 2011, nel 150. anniversario della morte del Cardinal Santucci. 504 $aBibliografia in nota. 650 4$aQuestione romana.$0(OLS)http://pul/subject/3096 651 4$aItalia$xStoria$y1849-1870.$0(OLS)http://pul/subject/45 700 1 $aNegri, Luigi,$csac.,$d1941-$0(OLS)http://pul/name/35418 700 1 $aEbrahime, Omar.$0(OLS)http://pul/name/80738 830 0$aSentieri (D'Ettoris) ;$v3.$0(OLS)http://pul/title/159989 850 $aPUL 852 $aPUL$W1$xSL Cons. Gen., Altre Classi 3$y75$m945. 08 EBROM 1$j146448$qDDC 21$B145157$CPULBib$Z2$F145157 $H118081 $82 941 1 $a9 996 $6020$a978-88-89341-30-8$9(OLS)http://pul/number/148219 996 $6082$a945.08$9(OLS)http://pul/classification/1911 996 $6245$aPio IX e la Questione Romana :$bAtti del Convegno sul cardinal Vincenzo Santucci (1796-1861)$9(OLS)http://pul/title/159988 996 $6260$aCrotone :$bD'Ettoris$9(OLS)http://pul/publisher/79455 LEADER 01210nam a2200301 a 4500 001 000000137950 003 CaOOAMICUS 005 20140328105030.0 008 140328s2014 it u000 u ita r 020 $a978-88-10-55810-2 040 $aPUL$bita 082 04$a261.8 100 1 $aLavenia, Vincenzo.$0(OLS)http://pul/name/62864 245 13$aIl catechismo dei soldati :$bguerra e cura d'anime in età moderna /$cVincenzo Lavenia. 260 $aBologna :$bEDB,$c©2014. 300 $a124 p. ;$c18 cm 490 1 $aLapislazzuli 504 $aBibliografia in nota. 650 4$aTeologia pastorale$xAspetti sociali.$0(OLS)http://pul/subject/9796 830 0$aLapislazzuli.$0(OLS)http://pul/title/174683 850 $aPUL 852 $aPUL$W1$xSL Religione 3$y85$m261. 8 LAVVI 1$j159018$qDDC 21$B158570$CPULBib$Z2$F158570 $H123759 $82 941 1 $a9 996 $6020$a978-88-10-55810-2$9(OLS)http://pul/number/154947 996 $6082$a261.8$9(OLS)http://pul/classification/367 996 $6245$aIl catechismo dei soldati :$bguerra e cura d'anime in età moderna$9(OLS)http://pul/title/174682 996 $6260$aBologna :$bEDB$9(OLS)http://pul/publisher/56073